Normal view MARC view
  • CLASON,S.GEORGES

Entry Personal Name

Number of records used in: 1

001 - CONTROL NUMBER

  • control field: 132729

003 - CONTROL NUMBER IDENTIFIER

  • control field: NUST

005 - DATE AND TIME OF LATEST TRANSACTION

  • control field: 20260106142100.0

008 - FIXED-LENGTH DATA ELEMENTS

  • fixed length control field: 260106|| aca||aabn | a|a d

040 ## - CATALOGING SOURCE

  • Original cataloging agency: NUST
  • Transcribing agency: NUST

100 ## - HEADING--PERSONAL NAME

  • Personal name: CLASON,S.GEORGES

670 ## - SOURCE DATA FOUND

  • Source citation: Work cat.: (NUST): CLASON,S.GEORGES., THE RICHEST MAN IN BABYLON /, 1955.
© 2023 Central Library, National University of Sciences and Technology. All Rights Reserved.